000
00322 a2200157 4500
001
189182
020
_a
978-85-16-06708-3
040
_c
Magnum
100
_a
Furnari, Eva
240
1
0
_a
Trudi de kiki
_l
por
245
1
0
_a
Trudi de kiki
300
_a
32
362
0
_a
2010
697
_a
LITERATURA INFANTIL
942
_c
BK
999
_c
189182
_d
189182